000 00437 a2200157 4500
999 _c41666
_d41666
003 OSt
005 20221031142124.0
008 221031b ||||| |||| 00| 0 eng d
040 _coclc
082 _a384.3
_bJAI/I
100 _91322
_aJain, V K
245 _aInternet of things /
_cV K Jain
260 _aDelhi:
_bKhanna Publishers,
_c2021.
300 _a405 pages
942 _2ddc
_cBK
_h384.3
_iJAI/I
_k384.3
_mJAI/I